Science Quiz

Random Science Quiz
Score 0/10 Timer 10:00
0 Plays Today
Hint Answer % Correct
At nippleT4
94.7%
At umbilicus (important for appendicitis)T10
92.9%
Arms and includes thumbC6
89.9%
Posterior half of skullC2
89.7%
High turtleneck shirtC3
87.6%
KneecapsL4
86.9%
Low collar shirtC4
83.7%
Inguinal ligamentL1
83.4%
Xiphoid processT7
80.5%
Erection and sensation of penile/anal zoneS2|S3|S4
17.2%
Remove Ads.
Support Sporcle.
Get the best of Sporcle when you Go Orange. This ad-free experience offers more features, more stats, and more fun while also helping to support Sporcle. Thank you for becoming a member.

You're not logged in!

Compare scores with friends on all Sporcle quizzes.
OR
Log In

Show Comments

Extras

Created Jun 5, 2017ReportNominate
Tags:Dermatome, landmark

Top Quizzes Today


Score Distribution

Your Account Isn't Verified!

In order to create a playlist on Sporcle, you need to verify the email address you used during registration. Go to your Sporcle Settings to finish the process.

Report this User

Report this user for behavior that violates our Community Guidelines.

Details: